Flagi z gwiazdami - nagła śmierć - Statystyki

Ogólne statystyki
  • Ten quiz został rozwiązany 69 razy
  • Średni wynik to 15 z 33
Answers on the Grid
Answers color-coded by a green-red scale on the quiz's grid according to % correct below.
Afganistan
Angola
Australia
Azerbejdżan
Barbados
Benin
Bhutan
Boliwia
Brazylia
Brunei
Burundi
Republika Zielonego Przylądka
Chile
Chiny
Komory
Chorwacja
Dżibuti
Salwador
Ghana
Gwinea
Gwinea Bissau
Izrael
Kosowo
Kuwejt
Lesotho
Liberia
Malezja
Mauretania
Maroko
Myanmar/Birma
Namibia
Nauru
Pakistan
Papua Nowa Gwinea
Peru
Słowenia
Korea Południowa
Surinam
Togo
Tunezja
Tuvalu
Uganda
Stany Zjednoczone
Wenezuela
Zimbabwe
 
Statystyki odpowiedzi
Odpowiedź % Poprawnych
Australia
92%
Stany Zjednoczone
79%
Izrael
75%
Chiny
71%
Azerbejdżan
67%
Chile
67%
Brazylia
63%
Maroko
63%
Tunezja
63%
Wenezuela
63%
Liberia
58%
Pakistan
54%
Komory
50%
Malezja
50%
Papua Nowa Gwinea
46%
Dżibuti
42%
Nauru
42%
Gwinea Bissau
38%
Myanmar/Birma
38%
Republika Zielonego Przylądka
38%
Tuvalu
38%
Ghana
33%
Surinam
33%
Togo
33%
Burundi
29%
Kosowo
29%
Mauretania
25%
Angola
21%
Namibia
21%
Słowenia
21%
Korea Południowa
17%
Zimbabwe
13%
Uganda
8%
Nie znaleziono quizów pasujących do podanych kryteriów
Rozkład punktacji
Procent ludzi z każdym wynikiem
Percentyl według liczby udzielonych odpowiedzi
Twoja historia wyników
Nie rozwiązałeś tego quizu